04196cam a22018254i 4500003000900000005001700009008004100026020001500067020001800082035002000100040003300120049000900153082002000162100002900182245004700211264003600258300005500294336002100349337002500370338002300395504003400418505028000452526000900732526000900741526001000750526001000760526001000770526001000780526001000790526001000800526001000810526001000820526001000830526001000840526001000850526001000860526001000870526001000880526001000890526001000900526001000910526001000920526001000930526001000940526001000950526001000960526001000970526001000980526001000990526001001000526001001010526001001020526001001030526001001040526001001050526001001060526001001070526001001080526001001090526001001100526001001110526001001120526001001130526001001140526001001150526001001160526001001170526001001180526001001190526000901200526000901209526000901218526000901227526000901236526000901245526000901254526000901263526000901272526000901281526000901290526000901299526000901308526000901317526000901326526000901335526000901344526000901353526000901362526000901371526000901380526000901389526000901398526000901407526000901416526000901425526000901434526000901443526000901452526000901461526000901470526000901479526001001488526000901498526000901507526000901516526000901525526000901534526000901543526000901552526000801561526000801569526000801577526000801585526000801593526000801601526000801609526000801617526000801625526000801633526000801641526000801649526000801657526000801665526000901673526000801682526000801690526000801698526000801706526000801714526000901722526000801731526000801739526000801747526000801755526000801763526000901771526000801780526000801788526000901796526000801805526000801813526000801821526000801829650001301837650002001850650001201870650002301882910002801905942001401933994001401947596000601961999016701967980005502134952018102189PE-LiUPU20250813165511.0171221s2017    xxua    r0    001 0 eng d  a1501172735  a9781501172731  a(Sirsi) a240632  aPE-LiUPUbspacPE-LiUPUerda  aPRUA04a612.32bM872231 aMosley, Michael,eautor.14aThe clever gut diet /cDr. Michael Mosley. 1aNew York :bAtria Books;c2017.  a288 páginas :bilustraciones ;c23 centímetros  atext2rdacontent  aunmediated2rdamedia  avolume2rdacarrier  aÍndice : páginas 278-288.0 aDown the hatch -- Into the small bowel...and beyond -- The kingdom of the microbiome -- How your biome influences you, and how you can influence it -- The Clever Gut diet -- Other ways to improve your biome -- How to reboot your biome: a two-stage healing program -- Recipes.  aP203  aP200  aSEG65  aSEG64  aSEG63  aSEG62  aSEG61  aSEG60  aSEG59  aSEG58  aSEG57  aSEG56  aSEG55  aSEG54  aSEG53  aSEG52  aSEG51  aSEG50  aSEG49  aSEG48  aSEG47  aSEG46  aSEG24  aSEG23  aSEG22  aSEG21  aSEG20  aSEG19  aSEG18  aSEG17  aSEG16  aSEG14  aSEG13  aSEG12  aSEG11  aSEG10  aSEG09  aSEG06  aSEG05  aSEG04  aSEG03  aSEG02  aSEG68  aSEG66  aSEG45  aSEG25  aSEG01  aP163  aP162  aP161  aP160  aP159  aP158  aP157  aP156  aP155  aP154  aP153  aP152  aP151  aP150  aP149  aP142  aP141  aP140  aP139  aP138  aP137  aP132  aP131  aP130  aP126  aP125  aP124  aP123  aP115  aP122  aP121  aP116  a P114  aP112  aP111  aP104  aP103  aP102  aP101  aP100  aP96  aP95  aP93  aP92  aP91  aP88  aP83  aP82  aP79  aP78  aP75  aP74  aP71  aP69  a P51  aP49  aP48  aP47  aP33  aP31  a P30  aP29  aP27  aP26  aP25  aP24  a P22  aP10  aP09  a P08  aP06  aP05  aP04  aP0104aCooking.04aDetoxification.04aCocina.04aDesintoxicación.  adbmbkslcksld20171221  2ddccBOOK  aC0bPEPRU  a1  a612.32 M87wLCc26311i77717d26311e2022-5-10f2021-11-3g4lCCODEBUL1mBULn1p15.80r0sYtBOOKu2017-12-21xSALUDzP850COMPRAo.STAFF. Colección Teología  81gALBERTO SANCHEZ Responsable de Automatización  r2025-12-03 00:00:00i5l2o612.32 M87p77717s2022-09-14te1v20.80w2017-12-21xPGyBKzinventario-2023-12-13102ddc50708GENfP85aBULbBULcGENd2017-12-21eCOMPRAg15.80